Jesaias. (Record no. 16432)

MARC details
000 -LEADER
fixed length control field 00730cam a22002171 4500
001 - CONTROL NUMBER
control field ca 28000842
003 - CONTROL NUMBER IDENTIFIER
control field DLC
005 - DATE AND TIME OF LATEST TRANSACTION
control field 20260227111120.0
008 - FIXED-LENGTH DATA ELEMENTS--GENERAL INFORMATION
fixed length control field 740701s1892 xx 000 0 ger
010 ## - LIBRARY OF CONGRESS CONTROL NUMBER
LC control number ca 28000842
035 ## - SYSTEM CONTROL NUMBER
System control number (OCoLC)933164
040 ## - CATALOGING SOURCE
Original cataloging agency DLC
Transcribing agency OU
Modifying agency DLC
042 ## - AUTHENTICATION CODE
Authentication code premarc
050 00 - LIBRARY OF CONGRESS CALL NUMBER
Classification number BS1515
Item number .R4
100 1# - MAIN ENTRY--PERSONAL NAME
Personal name Reich, Wilhelm,
Titles and words associated with a name Baden bei Wien.
245 00 - TITLE STATEMENT
Title Jesaias.
Remainder of title Exegetisch-kritische studien vorzüglich auf historischer grundlage.
Statement of responsibility, etc. Von Wilhelm Reich.
260 ## - PUBLICATION, DISTRIBUTION, ETC.
Place of publication, distribution, etc. Wien,
Name of publisher, distributor, etc. O. Frank's nachfolger,
Date of publication, distribution, etc. 1892.
300 ## - PHYSICAL DESCRIPTION
Extent 4 p. l., xii, 277, [2] p.
Dimensions 24 cm.
500 ## - GENERAL NOTE
General note Also issued as v. 1 of the author's Das prophetische schrifttum.
630 00 - SUBJECT ADDED ENTRY--UNIFORM TITLE
Uniform title Bible.
Name of part/section of a work Isaiah
General subdivision Criticism, interpretation, etc.

No items available.

Powered by Koha